Selyem Jánoska

Bibliographic Details
Main Author: Móra, Ferenc, 1879-1934 (Author)
Other Authors: Dömény, Tibor (Illustrator)
Format: Article
Language:Hungarian
Subjects:

MARC

LEADER 00000nab a2200000 a 4500
001 vtls000484617
003 SK-MaSNL
005 20260303005437.0
008 160202c1992 xo 0 hun
015 |a SNBRB19rr/mm-uuuuu 
035 |a CL0484752 
040 |a SNKBUCL  |b slo  |c SNKBUCL  |e AACR2 
041 0 |a hun 
044 |a xo  |c SK 
080 |a 894.511-3(087.5)=945.11  |2 1981 
100 1 |a Móra, Ferenc,  |d 1879-1934  |4 aut  |9 102299 
245 1 0 |a Selyem Jánoska  |c Ferenc Móra ; Illusztr. Tibor Dömény 
650 0 7 |a prózy príbehové  |2 snkbucl  |9 593704 
650 0 7 |a príbehy o deťoch  |2 snkbucl  |9 383556 
655 7 |a články z novín a časopisov  |2 snkbucl  |9 267496 
655 7 |a články z odboru literárna veda a krásna literatúra  |2 snkbucl  |9 770045 
700 1 |a Dömény, Tibor  |4 ill  |9 968759 
773 0 |t Tábortűz  |g Roč. 42, č. 4 (1992), s. 8-9 
850 |a Slovenská národná knižnica v Martine  |a MTA001 
852 |a SNK  |b KIS3GCP 
958 |a RK 
958 |a HU 
958 |a LX 
992 |a RBX 
999 |c 1582633  |d 1584563